| 000 | 00671cam a2200169 i 4500 | ||
|---|---|---|---|
| 020 | _a0904975002 | ||
| 082 | 0 | 0 |
_a297.63 _bARA _cL-31,p78 |
| 100 | 0 |
_aIbn al-ʻArabī, _937443 |
|
| 245 | 1 | 4 |
_aThe wisdom of the prophets = _bFusus al-hikam / _cMuhyi-d-din, Ibn ʾArabi ; translated from Arabic to French with notes by Titus Burckhardt ; translated from French to English by Angela Culme-Seymour. |
| 260 |
_aAldsworth [Eng.] : _bBeshara, _cc1975. |
||
| 300 |
_axi, 146 p. ; _c24 cm. |
||
| 500 | _aTranslation of Fuṣūṣ al-ḥikam. | ||
| 526 |
_a0 _b0 _c0 _d297_630000000000000_ARA |
||
| 650 | 0 |
_aMCE _9379 |
|
| 650 | 0 |
_aSufism _xEarly works to 1800. _94647 |
|
| 942 |
_2ddc _cBK |
||
| 999 |
_c542309 _d542309 |
||